Lihue Airport Destinations (Kaua'i, HI, USA) - Statistics

General Stats
  • This quiz has been taken 103 times
    57 since last reset
  • The average score is 13 of 15
Answer Stats
Airline Destination % Correct
Hawaiian Airlines/Southwest Airlines Honolulu
100%
American Airlines/Delta Air Lines/Hawaiian Airlines/Southwest Airlines/United Airlines Los Angeles
94%
Alaska Airlines/United Airlines San Francisco
94%
Alaska Airlines/Delta Air Lines Seattle/Tacoma
91%
Hawaiian Airlines/Southwest Airlines Oakland
88%
Alaska Airlines San Jose (CA)
88%
United Airlines Denver
85%
American Airlines Phoenix (Sky Harbor)
85%
Alaska Airlines Portland (OR)
85%
Alaska Airlines San Diego
85%
Hawaiian Airlines/Southwest Airlines Kahului
79%
Southwest Airlines Las Vegas
79%
WestJet Vancouver
79%
Hawaiian Airlines Kailua-Kona
65%
Hawaiian Airlines Sacramento
62%
No matching quizzes found
Score Distribution
Percent of People with Each Score
Percentile by Number Answered
Your Score History
You have not taken this quiz since the last reset